000 00559nam a2200229Ia 4500
003 OSt
005 20220918175005.0
006 a|||||r|||| 00| 0
007 ta
008 220917b |||||||| |||| 00| 0 eng d
024 _a15,032
037 _cTextual
040 _aARTS
_cARTS
_beng
041 _2eng
_aeng
082 _aN91, K9 (MILSC)
100 _aShank Theodore
_952412
245 0 _aArt of dramatic art
260 _c1969
650 _aARTS
942 _hN91, K9 (MILSC)
_cTEXL
_2CC
999 _c155488
_d155488